000 00980nam a2200205 i 4500
001 160714
003 ES-MaACL
005 20251005063125.0
008 010306s1841 sp a |||| |dspa d
100 1 _aNocedal, Cándido,
_d1821-1885
_9130505
245 1 0 _aCompendio de la historia de España
_b: desde Ataulfo hasta nuestros días /
_cescrito por Cándido Manuel de Nocedal ; ilustrado con los retratos de los reyes y hombres célebres, dibujados y grabados en madera por artistas españoles.
260 _aMadrid :
_b[s.n.],
_c1841 (
_fImprenta de Miguel de Burgos)
300 _a2 v. :
_bil. ;
_c22 cm.
500 _aTercer tomo con el mismo título por Baltasar Anduaga y Espinosa.
597 _aT. I. ([2], 86 p., [36] h. de grab.) -- t. II. (223 p., [45] h. de grab.)
599 _aLas h. de grab. son retr. de reyes y personajes ilustres.
651 4 _aEspaña-
_xHistoria.
_98209
852 _aES-MaACL
_jG-822-23
_z. - Enc. hol.
999 _c160714
_d160714